|
|
|
|
| LEADER |
00000nam0a2200000 4500 |
| 001 |
153515 |
| 005 |
20231101221709.0 |
| 010 |
|
|
|a 9785020333581
|
| 010 |
|
|
|a 978-5-89349-897-4
|
| 035 |
|
|
|a (RuTPU)RU\TPU\book\166544
|
| 035 |
|
|
|a RU\TPU\book\89771
|
| 090 |
|
|
|a 153515
|
| 100 |
|
|
|a 20051017d2006 m y0rusy50 ca
|
| 101 |
0 |
|
|a rus
|
| 102 |
|
|
|a RU
|
| 105 |
|
|
|a y j 001zy
|
| 200 |
1 |
|
|a Политическая лингвистика
|e учебное пособие
|f А. П. Чудинов
|
| 205 |
|
|
|a 3-е изд.
|
| 210 |
|
|
|a Москва
|c Наука
|c Флинта
|d 2008
|
| 215 |
|
|
|a 256 с.
|
| 320 |
|
|
|a Библиогр.: с. 248-252.
|
| 330 |
|
|
|a В книге представлено описание основных положений новой науки, возникшей на пересечении лингвистики и политологии и занимающейся изучением политической сферы коммуникации, рассмотрением средств и способов борьбы за политическую власть в процессе коммуникативного воздействия на политическое сознание общества. Для самостоятельной работы студентов после каждого раздела предлагаются контрольные вопросы и задания. Для студентов и аспирантов, специализирующихся в области связей с общественностью, политологии, лингвистики и межкультурной коммуникации, социологии, рекламной деятельности, журналистики, государственного и муниципального управления, а также всем, кто интересуется языком политики, методами и приемами речевого воздействия в политической сфере.
|
| 451 |
|
1 |
|0 (RuTPU)RU\TPU\book\89771
|y 5-02-033358-1
|t Политическая лингвистика
|o учебное пособие
|f А. П. Чудинов
|c М.
|n Наука
|d 2006
|p 256 с.
|a Чудинов, А. П.
|
| 606 |
1 |
|
|a Политическая лингвистика
|2 stltpush
|3 (RuTPU)RU\TPU\subj\67933
|9 83525
|
| 610 |
1 |
|
|a языкознание
|
| 610 |
1 |
|
|a лингвистика
|
| 610 |
1 |
|
|a политика
|
| 610 |
1 |
|
|a политология
|
| 610 |
1 |
|
|a политическая лингвистика
|
| 610 |
1 |
|
|a история
|
| 610 |
1 |
|
|a политические коммуникации
|
| 610 |
1 |
|
|a метафоры
|
| 610 |
1 |
|
|a учебные пособия
|
| 686 |
|
|
|a Ш100.3я73
|v LBC/SL-A
|2 rubbk
|
| 700 |
|
1 |
|a Чудинов
|b А. П.
|
| 801 |
|
1 |
|a RU
|b 63413507
|c 20090213
|g PSBO
|
| 801 |
|
2 |
|a RU
|b 63413507
|c 20090423
|g PSBO
|
| 900 |
|
|
|a Лингвистика
|
| 900 |
|
|
|a Политическая реклама
|
| 900 |
|
|
|a Политический PR
|
| 942 |
|
|
|c BK
|
| 959 |
|
|
|a 25/20090211
|d 1
|e 0
|f ЧЗГЛ:1
|